| 000 | 00388nam a22001577a 4500 | ||
|---|---|---|---|
| 005 | 20180417111506.0 | ||
| 008 | 160429b xxu||||| |||| 00| 0 eng d | ||
| 041 | _aeng | ||
| 082 |
_b00944 _a346.07 |
||
| 100 |
_aBangia, R.K. _9533 |
||
| 245 | _aPrinciples of Mercentile law | ||
| 260 |
_aFaridabad _bAllahabad law agency _c2003 |
||
| 300 | _a747 | ||
| 650 |
_aManagement _9241 |
||
| 942 | _cBK | ||
| 999 |
_c319 _d319 |
||